| 000 | 00745nmm a2200277 a 4500 | ||
|---|---|---|---|
| 003 | AR-BaBNM | ||
| 005 | 20251128204602.0 | ||
| 008 | 257019s1994 ||||||||||||||000 | spa|| | ||
| 020 | _a950-812-014-2 | ||
| 040 | _cAR-BaBNM | ||
| 100 | 1 |
_aLafinur, Juan Crisóstomo _d1797-1824 |
|
| 245 | 1 | 0 | _aPoesías |
| 250 | _a1ª ed. | ||
| 260 |
_aSan Luis _bInstituto Científico y Cultural El Diario _c1994 |
||
| 300 | 0 |
_a67 p. _bláms. |
|
| 650 | 4 | _aLITERATURA ARGENTINA | |
| 650 | 4 | _aPOESIA | |
| 650 | 4 | _aESCRITORES | |
| 650 | 4 | _aSIGLO DIECINUEVE | |
| 650 | 4 | _aGUERRAS DE LA INDEPENDENCIA | |
| 650 | 4 | _aINDEPENDENCIA ARGENTINA | |
| 655 | _aLITERATURA | ||
| 700 | 1 |
_aRodríguez Saá, Alberto _eprologuista |
|
| 942 | _cBK | ||
| 998 | _cMARTIN | ||
| 999 |
_c8027 _d8027 |
||